Preparation of catalysts III : scientific bases for the preparation of heterogeneous catalysts : proceedings of the third international symposium, Louvain-la-Neuve, September 6-9, 1982 /

Guardado en:
Autor Corporativo: International Symposium on the Scientific Bases for the Preparation of Heterogeneous Catalysts Louvain-la-Neuve, Belgium)
Otros Autores: Poncelet, G., (Editor , ed.), Grange, P., (Editor , ed.), Jacobs, P. A. (Editor , ed.)
Formato: Libro
Idioma:English
Publicado: Amsterdam : Elsevier Scientific Pub. Co., 1976.
Series:Studies in surface science and catalysis ; 16
Materias:
Etiquetas: Agregar Etiqueta
Sin Etiquetas, Sea el primero en etiquetar este registro!
LEADER 01237nam a22002535a 4500
001 EIQ.libpla000731
008 060503s1976####ne#ao####b####101#0#eng#d
005 20071218174004.0
245 1 0 |a Preparation of catalysts III :  |b scientific bases for the preparation of heterogeneous catalysts : proceedings of the third international symposium, Louvain-la-Neuve, September 6-9, 1982 /  |c editors G. Poncelet and P. Grange and P.A. Jacobs. 
260 |a Amsterdam :  |b Elsevier Scientific Pub. Co.,  |c 1976. 
300 |a xvi, 854 p. :  |b il., fotos ;  |c 24 cm. 
440 0 |a Studies in surface science and catalysis ;  |v 16 
504 |a Incluye referencias bibliográficas e índice. 
020 |a 044442184x 
111 2 |a International Symposium on the Scientific Bases for the Preparation of Heterogeneous Catalysts  |n (3th. :  |d 1982 :  |c Louvain-la-Neuve, Belgium) 
700 1 |a Poncelet, G.,  |e ed.  |4 edt 
700 1 |a Grange, P.,  |e ed.  |4 edt 
700 1 |a Jacobs, P. A.  |q (Peter A.),  |e ed.  |4 edt 
650 4 |a Catalizadores  |x Congresos. 
650 4 |a Catálisis heterogénea  |x Congresos. 
650 4 |a Catalysts  |x Congresses. 
650 4 |a Heterogeneous catalysis  |x Congresses. 
040 |a AR-BbSID  |b spa  |c AR-BbSID 
859 |a AR-BbSID  |b BIB. PLAPIQUI  |h 541.395  |i S 1  |p 2202